000 00871cam a22002778a 4500
001 17049825
003 Nust- CAS-E
005 20251230155115.0
008 111118s2012 enk b 001 0 eng
010 _a 2011044006
020 _a9780470974094
040 _aDLC
_cDLC
_dDLC
042 _apcc
050 0 0 _aTK3105
_b.S534 2012
082 0 0 _a621.73
_223
_bSMA 2012
245 0 0 _aSmart grid :
_btechnology and applications /
_cJanaka Ekanayake ... [et al.].
260 _aChichester, West Sussex, U.K. ;
_aHoboken, N.J. :
_bWiley,
_c2012.
263 _a1206
300 _ap. cm.
504 _aIncludes bibliographical references and index.
650 0 _aSmart power grids.
_918567
700 1 _aEkanayake, J. B.
_q(Janaka B.)
_9132641
906 _a7
_brip
_corignew
_d1
_eecip
_f20
_gy-gencatlg
942 _2ddc
_cBK
999 _c355491
_d355491